| 000 | 00965nam a22002535i 4500 | ||
|---|---|---|---|
| 001 | 176686 | ||
| 003 | ES-MaACL | ||
| 005 | 20240421063031.0 | ||
| 008 | 110202s2005 gt |||| | spa d | ||
| 020 | _a99922-790-1-X | ||
| 080 | _a801.73(728.1) | ||
| 100 | 1 |
_aPérez de Antón, Francisco. _9144979 |
|
| 245 | 1 | 0 |
_aChapinismos del Quijote _b: que trata de cómo don Quijote y Sancho utilizaban palabras y modismos chapines, y de otras historias y curiosidades dignas de ser contadas para gusto y provecho de quien las leyere / _cFrancisco Pérez de Antón. |
| 260 |
_aGuatemala : _bTaurus, _cimp. 2005. |
||
| 300 |
_a197 p. ; _c25 cm. |
||
| 490 | 1 | _aPensamiento | |
| 504 | _aBibliografía: p. 191-195. | ||
| 630 | 0 |
_aDon Quijote de la Mancha. _9120906 |
|
| 650 | 4 |
_aLengua española- _zGuatemala. _9144980 |
|
| 830 | 0 |
_aPensamiento (Taurus Ediciones) _9180294 |
|
| 852 |
_aES-MaACL _jE-14161 |
||
| 942 | _2udc | ||
| 999 |
_c176686 _d176686 |
||